<?xml version="1.0" encoding="UTF-8"?><?xml-stylesheet type="text/xsl" href="static/style.xsl"?><OAI-PMH xmlns="http://www.openarchives.org/OAI/2.0/" xmlns:xsi="http://www.w3.org/2001/XMLSchema-instance" xsi:schemaLocation="http://www.openarchives.org/OAI/2.0/ http://www.openarchives.org/OAI/2.0/OAI-PMH.xsd"><responseDate>2026-04-27T08:18:54Z</responseDate><request verb="GetRecord" identifier="oai:uvadoc.uva.es:10324/5845" metadataPrefix="marc">https://uvadoc.uva.es/oai/request</request><GetRecord><record><header><identifier>oai:uvadoc.uva.es:10324/5845</identifier><datestamp>2021-06-29T09:56:08Z</datestamp><setSpec>com_10324_38</setSpec><setSpec>col_10324_852</setSpec></header><metadata><record xmlns="http://www.loc.gov/MARC21/slim" xmlns:doc="http://www.lyncode.com/xoai" xmlns:xsi="http://www.w3.org/2001/XMLSchema-instance" xmlns:dcterms="http://purl.org/dc/terms/" xsi:schemaLocation="http://www.loc.gov/MARC21/slim http://www.loc.gov/standards/marcxml/schema/MARC21slim.xsd">
<leader>00925njm 22002777a 4500</leader>
<datafield tag="042" ind1=" " ind2=" ">
<subfield code="a">dc</subfield>
</datafield>
<datafield tag="720" ind1=" " ind2=" ">
<subfield code="a">Crespo García, Herminia</subfield>
<subfield code="e">author</subfield>
</datafield>
<datafield tag="260" ind1=" " ind2=" ">
<subfield code="c">2014</subfield>
</datafield>
<datafield tag="520" ind1=" " ind2=" ">
<subfield code="a">Esta propuesta educativa tiene como finalidad el estudio del patrimonio cultural, artístico, religioso e histórico del barrio judío de Segovia en la época medieval. La pedagogía que seguimos es multifacética ya que trabajaremos las áreas de ciencias, literatura, lengua, historia y geografía en forma vivenciada y grupal.&#xd;
La metodología se basa en el constructivismo el alumno prepara las actividades en grupos bajo la tutela del profesor tutor.&#xd;
Las actividades se estructuran en tres fases: una en el aula, otra “in situ” con excursiones y visitas al barrio judío, a la sinagoga, al valle del río Clamores y cementerio judío. Esta propuesta educativa está diseñada para alumnos de tercer ciclo de Primaria y 1º y 2º ESO. Los alumnos vivencian con el Centro didáctico con presentaciones interactivas.</subfield>
</datafield>
<datafield tag="024" ind2=" " ind1="8">
<subfield code="a">http://uvadoc.uva.es/handle/10324/5845</subfield>
</datafield>
<datafield ind1=" " ind2=" " tag="653">
<subfield code="a">Patrimonio histórico-Estudio y enseñanza</subfield>
</datafield>
<datafield ind1=" " ind2=" " tag="653">
<subfield code="a">Segovia (España)-Historia</subfield>
</datafield>
<datafield tag="245" ind1="0" ind2="0">
<subfield code="a">La Judería de Segovia como recurso didáctico. Una propuesta educativa multidisciplinar</subfield>
</datafield>
</record></metadata></record></GetRecord></OAI-PMH>